000
00502nam a2200169Ia 4500
008
090711s9999 xx 000 0 und d
082
_b
58915
100
_a
बर्वे राजेंद्र
245
_a
Sौतन्य लहरी
260
_c
1986
300
_a
54
600
_a
बर्वे राजेंद्र
630
_a
Sौतन्य लहरी
700
_a
बर्वे राजेंद्र
730
_a
Sौतन्य लहरी
942
_c
BOOK
999
_c
281844
_d
281844